[Event "DVM U16w 2021"]
[Site "Berlin GER"]
[Date "2022.04.30"]
[Round "2"]
[White "Wu, Yvonne Yihan"]
[Black "Voigt, Anastasia"]
[Result "1/2-1/2"]
[Termination "normal"]
[Board "1.2"]
[WhiteElo "1263"]
[BlackElo "1630"]
[WhiteClock "00:14:44"]
[BlackClock "00:11:41"]
[WhiteTeam "Hamburger SK von 1830 eV"]
[BlackTeam "USV Halle"]
[PlyCount "101"]
[WhiteFideId "16298330"]
[BlackFideId "16235223"]
[EventCountry "GER"]
[EventRounds "7"]
[EventType "team-swiss"]
[EventDate "2022.04.29"]

1. e4 {[%clk 1:30:57]} e5 {[%clk 1:30:58]} 2. Nf3 {[%clk 1:31:24]} Nc6 {[%clk
1:31:23]} 3. Bc4 {[%clk 1:31:50]} Nf6 {[%clk 1:31:20]} 4. Ng5 {[%clk 1:32:12]}
d5 {[%clk 1:31:40]} 5. exd5 {[%clk 1:32:33]} Na5 {[%clk 1:32:05]} 6. Bb5+ c6
{[%clk 1:32:04]} 7. dxc6 {[%clk 1:33:08]} bxc6 {[%clk 1:32:28]} 8. Bd3 {[%clk
1:32:17]} h6 {[%clk 1:31:06]} 9. Ne4 {[%clk 1:32:36]} Nd5 {[%clk 1:30:52]} 10.
O-O {[%clk 1:26:16]} Nf4 {[%clk 1:29:52]} 11. Be2 {[%clk 1:21:55]} f5 {[%clk
1:22:40]} 12. Ng3 {[%clk 1:18:24]} c5 {[%clk 1:00:03]} 13. Bf3 {[%clk 1:13:33]}
Rb8 {[%clk 0:59:46]} 14. Re1 {[%clk 1:12:23]} Qc7 {[%clk 0:53:41]} 15. d3
{[%clk 1:03:42]} Be7 {[%clk 0:51:47]} 16. Nc3 {[%clk 0:52:35]} g5 {[%clk
0:45:38]} 17. Nd5 {[%clk 0:47:00]} Nxd5 {[%clk 0:39:03]} 18. Bxd5 {[%clk
0:47:05]} g4 {[%clk 0:38:39]} 19. Nh5 {[%clk 0:40:01]} Kf8 {[%clk 0:30:00]} 20.
f4 {[%clk 0:34:19]} Bd6 {[%clk 0:27:25]} 21. Qe2 {[%clk 0:27:43]} Nc6 {[%clk
0:19:43]} 22. Bxc6 {[%clk 0:27:08]} Qxc6 {[%clk 0:20:03]} 23. fxe5 {[%clk
0:27:10]} Be7 {[%clk 0:19:17]} 24. Nf4 {[%clk 0:23:16]} Rg8 {[%clk 0:18:25]}
25. e6 {[%clk 0:21:53]} Qd6 {[%clk 0:16:08]} 26. Qe5 {[%clk 0:21:09]} Qxe5
{[%clk 0:11:30]} 27. Rxe5 {[%clk 0:21:30]} Rg5 {[%clk 0:11:43]} 28. Nd5 {[%clk
0:20:23]} Rh5 {[%clk 0:11:32]} 29. Ne3 {[%clk 0:17:08]} Rg5 {[%clk 0:06:29]}
30. Nxf5 {[%clk 0:15:31]} Rg6 {[%clk 0:04:16]} 31. Bxh6+ {[%clk 0:15:00]} Ke8
{[%clk 0:04:40]} 32. b3 {[%clk 0:09:25]} Bf6 {[%clk 0:04:11]} 33. Ng7+ {[%clk
0:03:27]} Bxg7 {[%clk 0:03:57]} 34. Bxg7 {[%clk 0:03:29]} Rxg7 {[%clk 0:04:22]}
35. Rxc5 {[%clk 0:03:21]} Bxe6 {[%clk 0:04:22]} 36. Re1 {[%clk 0:02:50]} Kd7
{[%clk 0:04:08]} 37. Ra5 {[%clk 0:02:13]} Kd6 {[%clk 0:01:49]} 38. c4 {[%clk
0:01:00]} Bg8 {[%clk 0:00:55]} 39. Kf2 {[%clk 0:00:40]} Rf8+ {[%clk 0:00:42]}
40. Kg3 {[%clk 0:00:43]} Rb8 {[%clk 0:00:36]} 41. d4 {[%clk 0:29:37]} Rbb7
{[%clk 0:28:28]} 42. Ree5 {[%clk 0:27:49]} Kd7 {[%clk 0:25:18]} 43. Ra6 {[%clk
0:25:49]} Rc7 {[%clk 0:23:19]} 44. c5 {[%clk 0:25:08]} Kc8 {[%clk 0:18:46]} 45.
c6 {[%clk 0:20:47]} Rce7 {[%clk 0:17:30]} 46. Rc5 {[%clk 0:19:55]} Re4 {[%clk
0:14:08]} 47. d5 {[%clk 0:18:18]} Rd4 {[%clk 0:13:59]} 48. Raa5 {[%clk
0:15:54]} Rg5 {[%clk 0:12:12]} 49. Rxa7 {[%clk 0:15:46]} Rdxd5 {[%clk 0:12:06]}
50. Ra8+ {[%clk 0:15:05]} Kc7 {[%clk 0:11:41]} 51. Ra7+ {[%clk 0:14:44]}
1/2-1/2

[Event "DVM U16w 2021"]
[Site "Berlin GER"]
[Date "2022.04.30"]
[Round "2"]
[White "Stowicek, Yara Mathilda"]
[Black "Modali, Nikhilamrutha"]
[Result "1-0"]
[Termination "normal"]
[Board "1.3"]
[WhiteElo "1771"]
[BlackElo "1262"]
[WhiteClock "00:32:14"]
[BlackClock "00:03:55"]
[WhiteTeam "USV Halle"]
[BlackTeam "Hamburger SK von 1830 eV"]
[PlyCount "101"]
[WhiteFideId "16203569"]
[BlackFideId "16282370"]
[EventCountry "GER"]
[EventRounds "7"]
[EventType "team-swiss"]
[EventDate "2022.04.29"]

1. e4 {[%clk 1:30:57]} c5 {[%clk 1:30:54]} 2. c3 {[%clk 1:30:29]} Nf6 {[%clk
1:30:30]} 3. e5 {[%clk 1:30:52]} Nd5 {[%clk 1:30:53]} 4. d4 {[%clk 1:31:14]}
cxd4 {[%clk 1:30:19]} 5. cxd4 {[%clk 1:30:22]} e6 {[%clk 1:30:25]} 6. a3 {[%clk
1:29:07]} d6 {[%clk 1:29:17]} 7. Nf3 {[%clk 1:29:08]} Be7 {[%clk 1:27:23]} 8.
Bd3 {[%clk 1:28:50]} b6 {[%clk 1:19:07]} 9. O-O {[%clk 1:24:52]} dxe5 {[%clk
1:12:40]} 10. dxe5 {[%clk 1:21:38]} O-O {[%clk 1:05:41]} 11. Qe2 {[%clk
1:20:46]} Re8 {[%clk 0:57:37]} 12. Qe4 {[%clk 1:16:50]} g6 {[%clk 0:56:40]} 13.
Bh6 {[%clk 1:15:09]} Ba6 {[%clk 0:52:38]} 14. Rd1 {[%clk 1:13:45]} Bxd3 {[%clk
0:49:30]} 15. Rxd3 {[%clk 1:13:53]} Nd7 {[%clk 0:44:32]} 16. Qe2 {[%clk
1:05:04]} Bf8 {[%clk 0:42:09]} 17. Bg5 {[%clk 1:01:08]} Be7 {[%clk 0:37:08]}
18. Bxe7 {[%clk 0:59:16]} Qxe7 {[%clk 0:36:03]} 19. Qe1 {[%clk 0:59:01]} Nc5
{[%clk 0:34:03]} 20. Rd1 {[%clk 0:58:36]} Nb3 {[%clk 0:26:58]} 21. Ra2 {[%clk
0:56:07]} Rac8 {[%clk 0:27:14]} 22. Nbd2 {[%clk 0:55:26]} Nxd2 {[%clk 0:23:44]}
23. Rxd2 {[%clk 0:55:00]} Qc5 {[%clk 0:21:40]} 24. b4 {[%clk 0:50:55]} Qc1
{[%clk 0:19:53]} 25. Ra1 {[%clk 0:49:31]} Qxe1+ {[%clk 0:20:14]} 26. Rxe1
{[%clk 0:49:33]} Rc3 {[%clk 0:20:34]} 27. Ra1 {[%clk 0:49:19]} Rec8 {[%clk
0:20:42]} 28. Rdd1 {[%clk 0:48:25]} Rc2 {[%clk 0:17:28]} 29. Nd4 {[%clk
0:47:28]} Rb2 {[%clk 0:17:24]} 30. g3 {[%clk 0:44:09]} Nc3 {[%clk 0:14:27]} 31.
Rac1 {[%clk 0:34:29]} Nxd1 {[%clk 0:12:29]} 32. Rxc8+ {[%clk 0:34:36]} Kg7
{[%clk 0:12:54]} 33. Rc2 {[%clk 0:33:49]} Rxc2 {[%clk 0:12:08]} 34. Nxc2 {[%clk
0:34:12]} Nb2 {[%clk 0:12:18]} 35. f4 {[%clk 0:34:15]} a5 {[%clk 0:10:28]} 36.
Kf2 {[%clk 0:33:18]} f5 {[%clk 0:10:20]} 37. Ke3 {[%clk 0:30:51]} Kf7 {[%clk
0:07:13]} 38. Kd4 {[%clk 0:29:26]} a4 {[%clk 0:05:35]} 39. Ne3 {[%clk 0:29:22]}
b5 {[%clk 0:04:23]} 40. Kc3 {[%clk 0:29:45]} Nc4 {[%clk 0:03:36]} 41. Nxc4
{[%clk 0:30:10]} bxc4 {[%clk 0:04:03]} 42. Kxc4 {[%clk 0:30:38]} Ke7 {[%clk
0:04:21]} 43. b5 {[%clk 0:30:20]} Kd7 {[%clk 0:04:42]} 44. Kb4 {[%clk 0:29:39]}
Kc7 {[%clk 0:05:00]} 45. Kxa4 {[%clk 0:30:02]} Kb6 {[%clk 0:05:21]} 46. Kb4
{[%clk 0:30:31]} h5 {[%clk 0:03:16]} 47. h4 {[%clk 0:30:54]} Ka7 {[%clk
0:03:12]} 48. Kc5 {[%clk 0:31:17]} Kb7 {[%clk 0:03:37]} 49. b6 {[%clk 0:31:26]}
Kc8 {[%clk 0:03:53]} 50. Kc6 {[%clk 0:31:50]} Kb8 {[%clk 0:03:55]} 51. b7
{[%clk 0:32:14]} 1-0

[Event "DVM U16w 2021"]
[Site "Berlin GER"]
[Date "2022.04.30"]
[Round "2"]
[White "Einacker, Anika"]
[Black "Derling, Charlotte"]
[Result "0-1"]
[Termination "normal"]
[Board "1.4"]
[WhiteElo "1187"]
[BlackElo "1464"]
[WhiteClock "00:04:12"]
[BlackClock "00:01:14"]
[WhiteTeam "Hamburger SK von 1830 eV"]
[BlackTeam "USV Halle"]
[PlyCount "88"]
[WhiteFideId "34620591"]
[BlackFideId "16222237"]
[EventCountry "GER"]
[EventRounds "7"]
[EventType "team-swiss"]
[EventDate "2022.04.29"]

1. e4 {[%clk 1:30:57]} c5 {[%clk 1:30:53]} 2. Nf3 {[%clk 1:31:17]} d6 {[%clk
1:31:12]} 3. Bb5+ {[%clk 1:31:27]} Bd7 {[%clk 1:31:08]} 4. Bxd7+ {[%clk
1:31:29]} Qxd7 {[%clk 1:31:16]} 5. O-O {[%clk 1:31:25]} Nf6 {[%clk 1:30:09]} 6.
e5 {[%clk 1:30:32]} dxe5 {[%clk 1:27:42]} 7. Nxe5 {[%clk 1:29:54]} Qc7 {[%clk
1:23:40]} 8. d4 {[%clk 1:27:21]} e6 {[%clk 1:13:36]} 9. Bf4 {[%clk 1:15:03]}
Bd6 {[%clk 1:10:31]} 10. Bg3 {[%clk 1:03:43]} h5 {[%clk 0:56:09]} 11. h4 {[%clk
0:51:53]} Nc6 {[%clk 0:49:56]} 12. c3 {[%clk 0:33:34]} Nxe5 {[%clk 0:41:43]}
13. dxe5 {[%clk 0:32:22]} Bxe5 {[%clk 0:41:26]} 14. Bxe5 {[%clk 0:32:28]} Qxe5
{[%clk 0:41:42]} 15. f3 {[%clk 0:27:16]} g5 {[%clk 0:36:53]} 16. Qe1 {[%clk
0:27:22]} Qxe1 {[%clk 0:31:19]} 17. Rxe1 {[%clk 0:27:47]} gxh4 {[%clk 0:30:58]}
18. Kf2 {[%clk 0:26:52]} Ke7 {[%clk 0:25:30]} 19. Rh1 {[%clk 0:25:35]} Rad8
{[%clk 0:25:02]} 20. b3 {[%clk 0:22:27]} Rd3 {[%clk 0:23:01]} 21. c4 {[%clk
0:21:38]} Rhd8 {[%clk 0:18:48]} 22. Ke2 {[%clk 0:20:27]} R3d4 {[%clk 0:15:03]}
23. Rc1 {[%clk 0:18:12]} Ne8 {[%clk 0:12:03]} 24. a3 {[%clk 0:16:03]} Ng7
{[%clk 0:07:09]} 25. Ra2 {[%clk 0:16:12]} Nf5 {[%clk 0:07:03]} 26. Rd2 {[%clk
0:14:18]} Rg8 {[%clk 0:06:20]} 27. Kf2 {[%clk 0:13:05]} Rg3 {[%clk 0:04:27]}
28. Rh1 {[%clk 0:13:02]} e5 {[%clk 0:02:58]} 29. Re2 {[%clk 0:12:03]} Ke6
{[%clk 0:03:13]} 30. Re4 {[%clk 0:10:58]} Rxe4 {[%clk 0:02:33]} 31. fxe4 {[%clk
0:11:19]} Nd4 {[%clk 0:02:41]} 32. Rxh4 {[%clk 0:11:06]} Rxb3 {[%clk 0:02:59]}
33. Rh1 {[%clk 0:08:28]} Rb2+ 34. Kg3 {[%clk 0:08:23]} Ne2+ {[%clk 0:03:36]}
35. Kh4 {[%clk 0:07:59]} Nf4 {[%clk 0:03:56]} 36. g3 {[%clk 0:07:01]} Ne2
{[%clk 0:03:25]} 37. Rh2 {[%clk 0:06:40]} Rxb1 {[%clk 0:03:47]} 38. Rxe2 {[%clk
0:07:04]} Rc1 {[%clk 0:03:37]} 39. Kxh5 {[%clk 0:05:42]} Rxc4 {[%clk 0:04:01]}
40. g4 {[%clk 0:05:04]} Ra4 {[%clk 0:03:27]} 41. g5 {[%clk 0:04:19]} Rxa3
{[%clk 0:02:51]} 42. Kh6 {[%clk 0:04:18]} Rh3+ {[%clk 0:01:02]} 43. Kg7 {[%clk
0:04:21]} Rg3 {[%clk 0:01:14]} 44. Kh6 {[%clk 0:04:12]} c4 0-1

[Event "DVM U16w 2021"]
[Site "Berlin GER"]
[Date "2022.04.30"]
[Round "2"]
[White "Alferova, Emily"]
[Black "Orlova, Alicia"]
[Result "1/2-1/2"]
[Termination "normal"]
[Board "2.1"]
[WhiteElo "1514"]
[BlackElo "1723"]
[WhiteClock "00:35:36"]
[BlackClock "00:49:57"]
[WhiteTeam "SC Garching 1980 e.V."]
[BlackTeam "Schachgemeinschaft Porz e. V. 1"]
[PlyCount "44"]
[WhiteFideId "16265904"]
[BlackFideId "34154563"]
[EventCountry "GER"]
[EventRounds "7"]
[EventType "team-swiss"]
[EventDate "2022.04.29"]

1. d4 {[%clk 1:30:57]} d5 {[%clk 1:30:43]} 2. Nf3 {[%clk 1:31:23]} Nf6 {[%clk
1:30:47]} 3. e3 {[%clk 1:31:44]} Bf5 {[%clk 1:30:20]} 4. Bd3 {[%clk 1:32:07]}
Bg6 {[%clk 1:28:14]} 5. c3 {[%clk 1:28:18]} c6 {[%clk 1:26:52]} 6. Qc2 {[%clk
1:24:59]} Bxd3 {[%clk 1:24:57]} 7. Qxd3 {[%clk 1:25:22]} Nbd7 {[%clk 1:25:06]}
8. Nbd2 {[%clk 1:25:16]} Qc7 {[%clk 1:24:02]} 9. e4 {[%clk 1:18:17]} dxe4
{[%clk 1:23:02]} 10. Nxe4 {[%clk 1:18:40]} e6 {[%clk 1:19:25]} 11. h3 {[%clk
1:11:41]} Nxe4 {[%clk 1:18:15]} 12. Qxe4 {[%clk 1:11:36]} Nf6 {[%clk 1:18:08]}
13. Qe2 {[%clk 1:07:28]} Nd5 {[%clk 1:15:36]} 14. O-O {[%clk 1:00:13]} Bd6
{[%clk 1:12:28]} 15. c4 {[%clk 0:58:24]} Nf6 {[%clk 1:09:54]} 16. Rd1 {[%clk
0:54:54]} O-O {[%clk 1:06:45]} 17. b3 {[%clk 0:47:37]} h6 {[%clk 1:01:48]} 18.
Bb2 {[%clk 0:41:40]} Be7 {[%clk 0:58:10]} 19. Qe5 {[%clk 0:34:36]} Bd6 {[%clk
0:57:14]} 20. Qe2 {[%clk 0:34:51]} Be7 {[%clk 0:49:31]} 21. Qe5 {[%clk
0:35:13]} Bd6 {[%clk 0:49:54]} 22. Qe2 {[%clk 0:35:36]} Be7 {[%clk 0:49:57]}
1/2-1/2

[Event "DVM U16w 2021"]
[Site "Berlin GER"]
[Date "2022.04.30"]
[Round "2"]
[White "Ramien, Hannah"]
[Black "Frowein, Katja"]
[Result "0-1"]
[Termination "normal"]
[Board "2.2"]
[WhiteElo "1338"]
[BlackElo "1385"]
[WhiteClock "00:07:30"]
[BlackClock "00:11:58"]
[WhiteTeam "Schachgemeinschaft Porz e. V. 1"]
[BlackTeam "SC Garching 1980 e.V."]
[PlyCount "103"]
[WhiteFideId "16209982"]
[BlackFideId "16282949"]
[EventCountry "GER"]
[EventRounds "7"]
[EventType "team-swiss"]
[EventDate "2022.04.29"]

1. e4 {[%clk 1:30:58]} c5 {[%clk 1:30:56]} 2. Nc3 {[%clk 1:31:24]} d6 {[%clk
1:31:22]} 3. f4 {[%clk 1:31:32]} g6 {[%clk 1:31:43]} 4. Nf3 {[%clk 1:31:51]}
Bg7 {[%clk 1:32:08]} 5. Bc4 {[%clk 1:32:01]} Nc6 {[%clk 1:31:49]} 6. d3 {[%clk
1:31:58]} Nf6 {[%clk 1:31:55]} 7. O-O {[%clk 1:31:49]} O-O {[%clk 1:32:19]} 8.
Qe1 {[%clk 1:32:15]} a6 {[%clk 1:30:26]} 9. a4 {[%clk 1:32:34]} Bg4 {[%clk
1:22:14]} 10. Qh4 {[%clk 1:09:43]} Bxf3 {[%clk 0:59:32]} 11. Rxf3 {[%clk
1:10:11]} Nd4 {[%clk 0:59:40]} 12. Rf2 {[%clk 1:05:36]} e6 {[%clk 0:56:08]} 13.
Qg5 {[%clk 0:31:55]} Qd7 {[%clk 0:46:54]} 14. Be3 {[%clk 0:25:39]} h6 {[%clk
0:40:23]} 15. Qg3 {[%clk 0:24:04]} d5 {[%clk 0:39:42]} 16. exd5 {[%clk
0:20:37]} exd5 {[%clk 0:38:39]} 17. Ba2 {[%clk 0:20:44]} Nf5 {[%clk 0:38:00]}
18. Qf3 {[%clk 0:16:36]} Nxe3 {[%clk 0:37:40]} 19. Qxe3 {[%clk 0:16:17]} d4
{[%clk 0:35:47]} 20. Qg3 {[%clk 0:15:42]} Nh5 {[%clk 0:34:48]} 21. Qxg6 {[%clk
0:15:29]} dxc3 {[%clk 0:30:50]} 22. Qxh5 {[%clk 0:13:03]} cxb2 {[%clk 0:30:10]}
23. Rb1 {[%clk 0:13:32]} Qxa4 {[%clk 0:19:34]} 24. Bb3 {[%clk 0:11:31]} Qc6
{[%clk 0:17:37]} 25. f5 {[%clk 0:09:06]} Bd4 {[%clk 0:15:46]} 26. Be6 {[%clk
0:01:41]} Bxf2+ {[%clk 0:14:46]} 27. Kxf2 {[%clk 0:02:10]} Kh7 {[%clk 0:11:13]}
28. Bxf7 {[%clk 0:01:36]} Qf6 {[%clk 0:10:26]} 29. Qg6+ {[%clk 0:01:56]} Qxg6
{[%clk 0:10:46]} 30. fxg6+ {[%clk 0:02:25]} Kg7 {[%clk 0:10:50]} 31. Rxb2
{[%clk 0:02:51]} b5 {[%clk 0:10:56]} 32. Ke2 {[%clk 0:02:07]} Ra7 {[%clk
0:11:11]} 33. Kd2 {[%clk 0:02:05]} Rb8 {[%clk 0:09:29]} 34. c3 {[%clk 0:01:10]}
a5 {[%clk 0:07:02]} 35. Bc4 {[%clk 0:00:36]} Rab7 {[%clk 0:05:03]} 36. Bd5
{[%clk 0:00:36]} Rb6 {[%clk 0:05:11]} 37. Be4 {[%clk 0:00:35]} Rf6 {[%clk
0:05:15]} 38. Ke3 {[%clk 0:00:34]} a4 {[%clk 0:04:31]} 39. Bd5 {[%clk 0:00:33]}
a3 {[%clk 0:03:57]} 40. Rb1 {[%clk 0:00:31]} Re8+ {[%clk 0:02:42]} 41. Be4
{[%clk 0:30:30]} a2 {[%clk 0:29:51]} 42. Ra1 {[%clk 0:29:41]} Ra6 {[%clk
0:29:11]} 43. Kd2 {[%clk 0:29:18]} Rf8 {[%clk 0:23:45]} 44. Ke2 {[%clk
0:29:16]} Rb8 {[%clk 0:21:31]} 45. Kd2 {[%clk 0:13:37]} b4 {[%clk 0:12:53]} 46.
cxb4 {[%clk 0:11:50]} Rxb4 {[%clk 0:12:29]} 47. Kc2 {[%clk 0:11:57]} c4 {[%clk
0:12:25]} 48. dxc4 {[%clk 0:10:20]} Rxc4+ {[%clk 0:12:45]} 49. Kd3 {[%clk
0:10:46]} Rb4 {[%clk 0:12:45]} 50. Ke3 {[%clk 0:09:02]} Ra3+ {[%clk 0:13:01]}
51. Bd3 {[%clk 0:07:30]} Rbb3 {[%clk 0:11:58]} 52. Kd4 0-1

[Event "DVM U16w 2021"]
[Site "Berlin GER"]
[Date "2022.04.30"]
[Round "2"]
[White "Muhina, Alina"]
[Black "Sinner, Joselyne"]
[Result "1/2-1/2"]
[Termination "normal"]
[Board "2.3"]
[WhiteElo "1153"]
[BlackElo "1431"]
[WhiteClock "00:58:01"]
[BlackClock "00:01:04"]
[WhiteTeam "SC Garching 1980 e.V."]
[BlackTeam "Schachgemeinschaft Porz e. V. 1"]
[PlyCount "68"]
[WhiteFideId "16298322"]
[BlackFideId "16210387"]
[EventCountry "GER"]
[EventRounds "7"]
[EventType "team-swiss"]
[EventDate "2022.04.29"]

1. e4 {[%clk 1:30:58]} e5 {[%clk 1:30:55]} 2. Nf3 {[%clk 1:31:25]} Nc6 {[%clk
1:31:21]} 3. d4 {[%clk 1:31:50]} exd4 {[%clk 1:31:49]} 4. Nxd4 {[%clk 1:32:15]}
Bc5 {[%clk 1:32:14]} 5. Nb3 {[%clk 1:32:32]} Bb6 {[%clk 1:32:37]} 6. Nc3 {[%clk
1:32:51]} Nf6 {[%clk 1:33:04]} 7. Qe2 {[%clk 1:33:15]} d6 {[%clk 1:19:16]} 8.
Be3 {[%clk 1:33:00]} O-O {[%clk 1:15:05]} 9. O-O-O {[%clk 1:32:29]} Ng4 {[%clk
1:04:48]} 10. Bxb6 {[%clk 1:29:31]} axb6 11. Kb1 {[%clk 1:28:12]} Nge5 {[%clk
0:54:19]} 12. f3 {[%clk 1:26:58]} Be6 {[%clk 0:41:42]} 13. Nd5 {[%clk 1:20:56]}
Re8 {[%clk 0:25:58]} 14. Qe3 {[%clk 1:19:48]} Nd7 {[%clk 0:21:23]} 15. Be2
{[%clk 1:18:19]} Bxd5 {[%clk 0:19:32]} 16. Rxd5 {[%clk 1:07:58]} Nb4 {[%clk
0:11:18]} 17. Rb5 {[%clk 1:06:28]} Nxa2 {[%clk 0:09:36]} 18. Nc1 {[%clk
1:05:36]} Nxc1 {[%clk 0:07:01]} 19. Rxc1 {[%clk 1:05:38]} Ra7 {[%clk 0:06:54]}
20. Rb3 {[%clk 1:05:37]} Re5 {[%clk 0:06:42]} 21. Ra3 {[%clk 1:04:28]} Rea5
{[%clk 0:05:23]} 22. Rxa5 {[%clk 1:04:34]} Rxa5 {[%clk 0:05:49]} 23. Bc4 {[%clk
1:02:31]} Qa8 {[%clk 0:03:58]} 24. c3 {[%clk 1:02:39]} Ra1+ {[%clk 0:03:13]}
25. Kc2 {[%clk 1:02:58]} Qa4+ {[%clk 0:03:16]} 26. Bb3 {[%clk 1:03:06]} Rxc1+
{[%clk 0:02:44]} 27. Qxc1 {[%clk 1:03:26]} Qb5 {[%clk 0:03:02]} 28. Qf4 {[%clk
1:03:07]} Qe2+ {[%clk 0:02:51]} 29. Kc1 {[%clk 1:02:15]} Ne5 {[%clk 0:02:49]}
30. Kb1 {[%clk 0:58:47]} Qxg2 {[%clk 0:03:03]} 31. Qf5 {[%clk 0:56:58]} Qf1+
{[%clk 0:02:14]} 32. Ka2 {[%clk 0:57:10]} Qa6+ {[%clk 0:01:24]} 33. Kb1 {[%clk
0:57:35]} Qf1+ {[%clk 0:00:57]} 34. Ka2 {[%clk 0:58:01]} Qa6+ {[%clk 0:01:04]}
1/2-1/2

[Event "DVM U16w 2021"]
[Site "Berlin GER"]
[Date "2022.04.30"]
[Round "2"]
[White "Brandt, Greta"]
[Black "Muhina, Liana"]
[Result "1-0"]
[Termination "normal"]
[Board "2.4"]
[WhiteElo "1458"]
[BlackElo "1185"]
[WhiteClock "00:28:02"]
[BlackClock "00:09:28"]
[WhiteTeam "Schachgemeinschaft Porz e. V. 1"]
[BlackTeam "SC Garching 1980 e.V."]
[PlyCount "127"]
[WhiteFideId "34605860"]
[BlackFideId "16266145"]
[EventCountry "GER"]
[EventRounds "7"]
[EventType "team-swiss"]
[EventDate "2022.04.29"]

1. c4 {[%clk 1:30:57]} e6 {[%clk 1:30:43]} 2. e4 {[%clk 1:31:19]} c6 {[%clk
1:29:30]} 3. Nc3 {[%clk 1:30:02]} d5 {[%clk 1:28:38]} 4. cxd5 {[%clk 1:27:52]}
cxd5 {[%clk 1:27:59]} 5. exd5 {[%clk 1:27:18]} exd5 {[%clk 1:28:15]} 6. d4
{[%clk 1:27:33]} Nf6 {[%clk 1:26:53]} 7. Bg5 {[%clk 1:24:54]} Be7 {[%clk
1:26:44]} 8. Nf3 {[%clk 1:20:01]} O-O {[%clk 1:22:46]} 9. Qb3 {[%clk 1:14:19]}
b6 {[%clk 1:17:25]} 10. Bxf6 {[%clk 1:12:17]} Bxf6 {[%clk 1:17:18]} 11. Qxd5
{[%clk 1:09:59]} Qe7+ {[%clk 1:13:13]} 12. Qe4 {[%clk 1:03:42]} Qxe4+ {[%clk
1:12:12]} 13. Nxe4 {[%clk 1:04:04]} Re8 {[%clk 1:12:24]} 14. Bd3 {[%clk
1:00:37]} Bf5 {[%clk 1:08:02]} 15. Ne5 Bxe5 {[%clk 1:05:17]} 16. dxe5 {[%clk
0:55:33]} Rxe5 {[%clk 1:05:23]} 17. f3 {[%clk 0:55:50]} Nc6 {[%clk 0:59:49]}
18. a3 {[%clk 0:53:10]} Rd8 {[%clk 0:56:57]} 19. O-O-O {[%clk 0:51:24]} Nd4
{[%clk 0:53:11]} 20. Nf2 {[%clk 0:47:52]} Bxd3 {[%clk 0:47:01]} 21. Nxd3 {[%clk
0:48:07]} Rc8+ {[%clk 0:46:28]} 22. Kb1 {[%clk 0:48:04]} Re2 {[%clk 0:45:12]}
23. Nf4 {[%clk 0:45:40]} Rf2 {[%clk 0:29:09]} 24. Rxd4 {[%clk 0:45:36]} g5
{[%clk 0:28:32]} 25. Nh5 {[%clk 0:44:19]} Rxg2 {[%clk 0:26:20]} 26. Rhd1 {[%clk
0:44:08]} h6 {[%clk 0:25:01]} 27. Rd8+ {[%clk 0:42:08]} Rxd8 {[%clk 0:25:18]}
28. Rxd8+ {[%clk 0:42:34]} Kh7 {[%clk 0:25:15]} 29. Nf6+ {[%clk 0:41:29]} Kg7
{[%clk 0:23:42]} 30. Ng4 {[%clk 0:37:20]} h5 {[%clk 0:22:52]} 31. Ne5 {[%clk
0:37:21]} Re2 {[%clk 0:22:46]} 32. Rd5 {[%clk 0:36:22]} Rxh2 {[%clk 0:21:29]}
33. Rd7 {[%clk 0:35:48]} h4 {[%clk 0:19:53]} 34. Rxf7+ {[%clk 0:35:52]} Kg8
{[%clk 0:20:05]} 35. Rf5 {[%clk 0:34:48]} Rg2 {[%clk 0:18:34]} 36. Ng4 {[%clk
0:34:27]} h3 {[%clk 0:17:24]} 37. Rxg5+ {[%clk 0:34:44]} Kf8 {[%clk 0:17:31]}
38. Rh5 {[%clk 0:33:36]} Rg3 {[%clk 0:17:29]} 39. Nf2 {[%clk 0:32:43]} Rxf3
{[%clk 0:17:08]} 40. Nxh3 {[%clk 0:33:00]} Rf1+ {[%clk 0:17:10]} 41. Kc2 {[%clk
0:32:08]} Rf3 {[%clk 0:16:51]} 42. Rh4 {[%clk 0:31:03]} Ke8 {[%clk 0:16:30]}
43. Rh7 {[%clk 0:31:02]} a5 {[%clk 0:16:16]} 44. Ng5 {[%clk 0:30:19]} Rf2+
{[%clk 0:16:19]} 45. Kb3 {[%clk 0:30:25]} Rf5 {[%clk 0:14:09]} 46. Nf7 {[%clk
0:28:44]} Rf3+ {[%clk 0:08:51]} 47. Ka4 {[%clk 0:27:39]} Rf4+ {[%clk 0:08:47]}
48. Kb5 {[%clk 0:27:46]} Rf3 {[%clk 0:08:40]} 49. Kxb6 {[%clk 0:26:44]} a4
{[%clk 0:07:17]} 50. Nd6+ {[%clk 0:26:36]} Kf8 {[%clk 0:07:06]} 51. Rf7+ {[%clk
0:26:46]} Rxf7 {[%clk 0:07:25]} 52. Nxf7 {[%clk 0:27:12]} Kxf7 {[%clk 0:07:49]}
53. Kb5 {[%clk 0:27:37]} Ke7 {[%clk 0:08:05]} 54. Kxa4 {[%clk 0:28:01]} Kd7
{[%clk 0:08:17]} 55. Kb5 {[%clk 0:28:21]} Kc7 {[%clk 0:08:40]} 56. a4 {[%clk
0:28:23]} Kb7 {[%clk 0:08:53]} 57. a5 {[%clk 0:28:31]} Kb8 {[%clk 0:08:54]} 58.
Kc6 {[%clk 0:27:43]} Ka8 {[%clk 0:08:56]} 59. b4 {[%clk 0:28:05]} Kb8 {[%clk
0:09:09]} 60. b5 {[%clk 0:28:18]} Ka8 {[%clk 0:08:46]} 61. Kc7 {[%clk 0:27:12]}
Ka7 {[%clk 0:09:05]} 62. b6+ {[%clk 0:27:38]} Ka6 {[%clk 0:09:09]} 63. b7
{[%clk 0:28:02]} Kxa5 {[%clk 0:09:28]} 64. b8=Q 1-0